Statystyki dla Podsumowanie roku 2020 - Stany Zjednoczone

Kliknij tutaj aby rozwiązać quiz!

Ogólne statystyki

  • Ten quiz został rozwiązany 40 razy
    (37 od ostatniego zresetowania)
  • Średni wynik to 5 z 20

Statystyki odpowiedzi

PodpowiedźOdpowiedź% Poprawnych
Zwycięzca wyborów prezydenckich w 2020 rokuJoe Biden
100%
Stan, w którym zginęło najwięcej osób na koronawirusaNowy Jork
69%
Bipolarny raper, który trochę startował na prezydentaKanye West
62%
Para, która nazwała swoje nowonarodzone dziecko X Æ A-12Elon Musk i Grimes
55%
Irytująca piosenka dla dzieci, która stała się najczęściej oglądanym filmem w historii YouTubeBaby Shark
45%
Była gwiazda koszykówki, która zginęła w wypadku helikopteraKobe Bryant
45%
Stał się pierwszą osobą w historii, której majątek netto przekracza 200 miliardów dolarówJeff Bezos
41%
Co CDC powiedziało ludziom, aby nie nosili, zanim, że powinniMaski
34%
Firmy, których szczepionki Covid zostały zatwierdzone (albo nazwa)Pfizer / Moderna
31%
Miasto, które po raz kolejny doprowadziło do największej liczby morderstw w krajuChicago
24%
Miasto, w którym George Floyd został zabity przez policjantaMinneapolis
14%
Przerażające owady odkryte w stanie WaszyngtonSzerszenie Azjatyckie
10%
Miasto, w którym anarchiści utworzyli strefę autonomiczną, która szybko
pogrążyła się w morderstwie i chaosie
Seattle
7%
Program telewizyjny, którego gospodarz, Alex Trebek, zmarł na raka trzustkiJeopardy
3%
Miasto, które było gospodarzem „Bubble”, w której odbywały się wszystkie mecze playoff NBAOrlando
3%
Stan, który głosował za usunięciem słowa „Providence Plantations” z oficjalnej nazwyRhode Island
3%
Lekarz, który był twarzą grupy zadaniowej ds. koronawirusaAnthony Fauci
0%
Stan, który zmienił flagę, aby usunąć emblemat KonfederacjiMississippi
0%
Wysiłki Stanów Zjednoczonych, które w rekordowym czasie opracowały szczepionki Covid-19Operacja {Warp} Speed
0%
Sędzia Sądu Najwyższego, która zmarłaRuth Bader Ginsburg
0%

Rozkład punktacji

Percentyl według liczby udzielonych odpowiedzi

Procent ludzi z każdym wynikiem

Twoja historia wyników

Nie rozwiązałeś tego quizu od ostatniego zresetowania